| 000 | 00743nam a2200253 a 4500 | ||
|---|---|---|---|
| 003 | CHAP | ||
| 005 | 20230905170707.0 | ||
| 007 | ta | ||
| 008 | 230905s1973 sp abcofrd||| 001 0 eng d | ||
| 020 | _a84-7060434-1 | ||
| 040 |
_amxchpua _cCHAP _erda |
||
| 050 | 1 | 0 |
_aC AG61 _b.E53 1973 |
| 082 | 0 | 0 |
_aC 463 _bE53 1973 _220 |
| 245 | 1 | 0 | _aEnciclopedia básica DANAE en color |
| 250 | _a1a edición | ||
| 264 |
_aMadrid, España : _bEdiciones DANAE, _c1973 |
||
| 300 |
_a1305 páginas : _bilustraciones, mapas, fotos |
||
| 336 |
_2rdacontent _atexto _btxt |
||
| 337 |
_2rdamedia _asin medio _bn |
||
| 338 |
_2rdacarrier _avolumen _bnc |
||
| 650 | 1 | 3 |
_9141486 _aEspañol _xDiccionarios |
| 650 | 1 | 3 |
_9151749 _aSpanish _xDictionaries |
| 942 |
_2ddc _cLibro |
||
| 999 |
_c219136 _d219136 |
||